Afrique - Série 06 - Statistiques

Statistiques générales
  • Ce quiz a été pris 209 fois
  • Le résultat moyen est 8 sur 10
Statistiques - réponses
Pays Capitale % Correct
Algérie Alger
100%
Tunisie Tunis
99%
Maroc Rabat
95%
Mali Bamako
85%
Madagascar Antananarivo
81%
Ethiopie Addis Abeba
76%
Soudan Khartoum
72%
Ghana Accra
69%
République Centrafricaine Bangui
67%
Nigeria Abuja
63%
Aucun quiz correspondant
Distribution des résultats
% des personnes avec chaque résultat
Percentile par nombre de réponses
Votre historique - résultats
Vous n’avez pas pris ce quiz